LINUX FOR YOU VIRTUALISATION (Record no. 34211)
[ view plain ]
| 000 -LEADER | |
|---|---|
| fixed length control field | 00224nam a2200097Ia 4500 |
| 008 - FIXED-LENGTH DATA ELEMENTS--GENERAL INFORMATION | |
| fixed length control field | 240625s9999 xx 000 0 und d |
| 041 ## - LANGUAGE CODE | |
| Language code of text/sound track or separate title | eng |
| 100 ## - MAIN ENTRY--PERSONAL NAME | |
| Personal name | LINUX FOR YOU |
| 245 ## - TITLE STATEMENT | |
| Title | LINUX FOR YOU VIRTUALISATION |
| 260 ## - PUBLICATION, DISTRIBUTION, ETC. | |
| Date of publication, distribution, etc. | 2008 |
| Withdrawn status | Lost status | Damaged status | Not for loan | Home library | Current library | Date acquired | Total Checkouts | Barcode | Date last seen | Price effective from | Koha item type |
|---|---|---|---|---|---|---|---|---|---|---|---|
| IMTN | IMTN | 10/21/2008 | CD1230 | 06/25/2024 | 06/25/2024 | CD |